The New Encyclopaedia Britannica; Vol. 5. (Record no. 1008)

000 -LEADER
fixed length control field 00679nam a2200193 a 4500
001 - CONTROL NUMBER
control field :::00016991$&:&@@
003 - CONTROL NUMBER IDENTIFIER
control field OkBaRHE
005 - DATE AND TIME OF LATEST TRANSACTION
control field 20100325160658.0
008 - FIXED-LENGTH DATA ELEMENTS--GENERAL INFORMATION
fixed length control field s1990 g 000 0 eng u
020 ## - INTERNATIONAL STANDARD BOOK NUMBER
International Standard Book Number 0852295111
040 ## - CATALOGING SOURCE
Transcribing agency
245 14 - TITLE STATEMENT
Title The New Encyclopaedia Britannica; Vol. 5.
260 ## - PUBLICATION, DISTRIBUTION, ETC. (IMPRINT)
Place of publication, distribution, etc Chicago
Name of publisher, distributor, etc Encyclopaedia Britannica
Date of publication, distribution, etc 1990
300 ## - PHYSICAL DESCRIPTION
Extent 33 v. : ill. (some col.) ;
Dimensions 29 cm.
650 ## - SUBJECT ADDED ENTRY--TOPICAL TERM
Topical term or geographic name as entry element Encyclopedias and dictionaries.
9 (RLIN) 296
700 ## - ADDED ENTRY--PERSONAL NAME
Personal name Encyclopaedia Britannica, inc.
9 (RLIN) 321
942 ## - ADDED ENTRY ELEMENTS (KOHA)
Source of classification or shelving scheme
Koha item type Books
Copies
Withdrawn status Damaged status Collection code Copy number Shelving location Koha item type Current Location Date last seen Source of classification or shelving scheme Not for loan Permanent Location Date acquired Full call number Price effective from Barcode Lost status
  Reference1General StacksBooksRHEMA Bible Training College2018-01-09  RHEMA Bible Training College2010-04-14AE 5 .E363 v.5 19902010-04-1416991